Taxation Of Charitable Trusts and Institutions a Study (Record no. 503081)

000 -LEADER
fixed length control field 00343cam a22001217a 4500
008 - FIXED-LENGTH DATA ELEMENTS--GENERAL INFORMATION
fixed length control field 180718b2001 xxu||||| |||| 00| 0 eng d
020 ## - INTERNATIONAL STANDARD BOOK NUMBER
International Standard Book Number 8187080302
082 ## - DEWEY DECIMAL CLASSIFICATION NUMBER
Classification number L2x54 Un3
245 ## - TITLE STATEMENT
Title Taxation Of Charitable Trusts and Institutions a Study
260 ## - PUBLICATION, DISTRIBUTION, ETC.
Place of publication, distribution, etc. New Delhi
Name of publisher, distributor, etc. Fiscal Laws Committee
Date of publication, distribution, etc. 2001
300 ## - PHYSICAL DESCRIPTION
Extent 375p.
650 ## - SUBJECT ADDED ENTRY--TOPICAL TERM
Topical term or geographic name entry element Taxation - India
Holdings
Withdrawn status Lost status Damaged status Not for loan Permanent Location Current Location Date acquired Full call number Barcode Date last seen Price effective from Koha item type
        Indian Institute of Public Administration Indian Institute of Public Administration 2018-08-04 L2x54 Un3 GR19492 2018-08-04 2018-08-04 GR

Powered by Koha